MARC details
| 000 -LEADER |
| campo de control de longitud fija |
01981nam a2200373 i 4500 |
| 001 - NÚMERO DE CONTROL |
| campo de control |
16228 |
| 003 - IDENTIFICADOR DE NÚMERO DE CONTROL |
| campo de control |
ES-MaACL |
| 005 - FECHA Y HORA DE LA ÚLTIMA TRANSACCIÓN |
| campo de control |
20250813063257.0 |
| 007 - CAMPO FIJO DE DESCRIPCIÓN FÍSICA--INFORMACIÓN GENERAL |
| campo de control de longitud fija |
t| |
| 008 - DATOS DE LONGITUD FIJA--INFORMACIÓN GENERAL |
| campo de control de longitud fija |
000711e1997 sp a |r 00|00|spa j |
| 017 ## - NÚMERO DE COPYRIGHT O DE DEPÓSITO LEGAL |
| Número de copyright o de depósito legal |
M 38148-1997 |
| Agencia que asigna |
Oficina Depósito Legal Madrid |
| 020 ## - NÚMERO INTERNACIONAL ESTÁNDAR DEL LIBRO |
| Número Internacional Estándar del Libro |
84-7774-588-9 |
| 040 ## - FUENTE DE CATALOGACIÓN |
| Centro catalogador/agencia de origen |
M-BN |
| Lengua de catalogación |
spa |
| Centro/agencia transcriptor |
M-BN |
| 080 ## - NÚMERO DE LA CLASIFICACIÓN DECIMAL UNIVERSAL |
| Número de la Clasificación Decimal Universal |
7.034/.036 |
| 080 ## - NÚMERO DE LA CLASIFICACIÓN DECIMAL UNIVERSAL |
| Número de la Clasificación Decimal Universal |
7.017.2 |
| 100 1# - ENTRADA PRINCIPAL--NOMBRE DE PERSONA |
| Nombre de persona |
Baxandall, Michael, |
| Fechas asociadas al nombre |
1933-2008 |
| Término indicativo de función/relación |
Autor |
| 9 (RLIN) |
26639 |
| 245 14 - MENCIÓN DEL TÍTULO |
| Título |
Las sombras y el Siglo de las Luces / |
| Mención de responsabilidad, etc. |
Michel Baxandall ; [traducción de Amaya Bozal Chamorro] |
| 260 ## - PUBLICACIÓN, DISTRIBUCIÓN, ETC. |
| Lugar de publicación, distribución, etc. |
Madrid : |
| Nombre del editor, distribuidor, etc. |
Visor, |
| Fecha de publicación, distribución, etc. |
[1997] |
| 300 ## - DESCRIPCIÓN FÍSICA |
| Extensión |
201 páginas, [16] páginas de láminas (color) ; |
| Dimensiones |
24 cm |
| 490 1# - MENCIÓN DE SERIE |
| Mención de serie |
La balsa de la Medusa ; |
| Designación de volumen o secuencia |
88 |
| RLIN |
178610 |
| 504 ## - NOTA DE BIBLIOGRAFÍA, ETC. |
| Nota de bibliografía, etc. |
Bibliografía: páginas 187-195 |
| 520 ## - RESUMEN, ETC. |
| Sumario, etc. |
Este libro trata el problema de las sombras y su incidencia en nuestra experiencia visual. Yuxtapone las nociones de sombras propias de la modernidad y las del siglo XVIII con la intención de sacar partido de la tensión que se establece entre ambas. No pretende hacer, y no lo hace, una definición de sombras, pero atiende tanto a su práctica por los pintores cuanto a su explicación por los teóricos, y pone de manifiesto que no es un concepto negativo, una mera ausencia de luz. Aunque carece de un territorio específico y permanente, no por ello es menos activa, no por ello deja de aportar conocimiento. Pensar cómo la sombra podría aportarnos conocimiento conlleva la tarea de determinar cómo y hasta qué punto lo hace |
| 534 ## - NOTA SOBRE LA VERSIÓN ORIGINAL |
| Encabezamiento principal del original |
Traducción de: Shadows and enlightenment |
| 650 #4 - PUNTO DE ACCESO ADICIONAL DE MATERIA--TÉRMINO DE MATERIA |
| Término de materia o nombre geográfico como elemento de entrada |
Arte- |
| Subdivisión cronológica |
S.XVIII |
| 9 (RLIN) |
10133 |
| 650 #0 - PUNTO DE ACCESO ADICIONAL DE MATERIA--TÉRMINO DE MATERIA |
| Término de materia o nombre geográfico como elemento de entrada |
Arte- |
| Subdivisión cronológica |
S.XIX |
| 9 (RLIN) |
233576 |
| 650 #7 - PUNTO DE ACCESO ADICIONAL DE MATERIA--TÉRMINO DE MATERIA |
| Término de materia o nombre geográfico como elemento de entrada |
Sombras (Arte) |
| Fuente del encabezamiento o término |
embne |
| 9 (RLIN) |
11108 |
| 700 1# - ENTRADA AGREGADA--NOMBRE PERSONAL |
| Nombre de persona |
Bozal, Amaya, |
| Fechas asociadas al nombre |
1972- |
| Término indicativo de función/relación |
Traductor |
| 9 (RLIN) |
31208 |
| 830 #3 - PUNTO DE ACCESO ADICIONAL DE SERIE-TÍTULO UNIFORME |
| Título uniforme |
La balsa de la Medusa ; |
| Designación de volumen o secuencia |
88 |
| 9 (RLIN) |
178610 |
| 852 ## - LOCALIZACIÓN |
| Ubicación |
ES-MaACL |
| Sublocalización o colección |
R.128585 |
| Ubicación en estantería |
Depósito 2 |
| Número de control de estantería |
L-23455 |
| 942 ## - ELEMENTOS DE ENTRADA SECUNDARIOS (KOHA) |
| Fuente del sistema de clasificación o colocación |
Clasificación decimal universal |
| Tipo de ítem Koha |
Libro impreso |
| Suprimir en OPAC |
No |